|
|
|
|
| LEADER |
00688cam a2200205 7i4500 |
| 001 |
0000103740 |
| 005 |
20130707090000.0 |
| 008 |
130707s2012 my may |
| 020 |
# |
0 |
|a 9789831005293
|
| 090 |
0 |
0 |
|a P 92 .M4
|b M6 2012
|
| 100 |
0 |
# |
|a Mohd Yahya Mohamed Ariffin
|
| 245 |
1 |
0 |
|a Perhubungan media di Malaysia
|c Mohd Yahya Mohamed Ariffin.
|
| 260 |
# |
# |
|a Kuala Lumpur:
|b Penerbit Universiti Malaya,
|c 2012.
|
| 300 |
# |
# |
|a x, 175 p.:
|b ill.;
|c 23 cm..
|
| 504 |
0 |
0 |
|a Includes bibliographical references and index
|
| 546 |
0 |
0 |
|a In Malay
|
| 590 |
# |
# |
|a PPDSNZ
|
| 650 |
0 |
0 |
|a Mass media --
|z Malaysia
|
| 650 |
0 |
0 |
|a Journalism --
|z Malaysia
|
| 999 |
|
|
|a 1100089833
|b Book
|c Open Shelf
|e KOLEKSI TERBUKA
|